000
00309nam a22001457a 4500
008
221020b ||||| |||| 00| 0 eng d
020
_a
071009012950
041
_a
eng
080
_a
618
082
_a
618NIL
100
_a
15.2
101
_a
GINE
245
_a
A CHILD IS BORN
_c
NILSSON L
942
_2
udc
_c
BK
999
_c
58627
_d
58627